00744nam a22002057a 4500003000900000008004100009020002200050040007100072082001800143100002800161245005800189260008200247300004400329650001900373650003500392650001600427650001400443700004100457700004000498AR-CdUCM190306b ||||| |||| 00| 0 spa d a978-612-46548-5-5 aMUNICIPALIDAD PROVINCIAL DEL CUSCOcBIBLIOTECA MUNICIPAL DEL CUSCO a869.56 /bB73 aBonet Rodríguez, Hugo aJosé Gabriel Túpaq Amaru en el pulso del tiempo / aCusco :bMinisterio de Cultura, Dirección Regional de Cultura Cusco,c2013. a376 páginas ;bilustraciones,c21 cm. aNovela Peruana aNovelas Históricas Peruanas. aTupac Amaru a1740-1781 aFlores Ochoa, Jorge A. (Presentador) aGuevara Ugarte, Guido (Presentador)